Nomes de Línguas na Língua - Statistics

Estatísticas Gerais
  • Esse quiz foi jogado 11 718 vezes
  • A pontuação média é 11 de 21
Estatísticas das Respostas
Estrangeiro Português % Correto
Español Espanhol
100%
English Inglês
100%
Russkiy Russo
96%
Polski Polonês
94%
Al-ʻarabīyah Árabe
92%
Deutsch Alemão
91%
Nederlands Neerlandês(Holandês)
88%
Tiếng Việt Vietnamês
65%
Norsk Norueguês
57%
Svenska Sueco
50%
Dansk Dinamarquês
47%
Nihongo Japonês
29%
Hànyǔ Chinês
22%
Suomi Finlandês
22%
Gaeilge Irlandês
21%
Hrvatski Croata
20%
Hangugeo Coreano
18%
Elliniká Grego
16%
Magyar Húngaro
15%
Kiswahili Suaíli
11%
Cymraeg Galês
8%
Nenhum quiz correspondente encontrado
Distribuição das Pontuações
Porcentagem de Pessoas com Cada Pontuação
Percentil de Números Respondidos
Sua Pontuação Histórica
Você não jogou esse quiz